guess the logo - Statistics

General Stats
  • This quiz has been taken 67 times
  • The average score is 9 of 10
Answer Stats
Picture Answer % Correct
facebook
100%
youtube
100%
KFC
98%
Mc donalds
98%
twitter
98%
İnstagram
96%
apple
95%
tiktok
95%
whatsapp
88%
app store
21%
No matching quizzes found
Score Distribution
Percent of People with Each Score
Percentile by Number Answered
Your Score History
You have not taken this quiz